000 01363nam0a2200361 i 4500
001 RU\NLR\BIBL_A\011470389
005 20240921161030.0
010 _a9785990907805
021 _aRU
_b2017-61342
_94350
035 _a(RuMoRGB)009000266
035 _a(NLR Aleph) 011470389
090 _a11851748
_c11851748
100 _a20170912d2016 um y0rusy50 ca
101 0 _arus
_afre
102 _aRU
105 _ac|||z|||000zd
200 1 _aПомни, что ты человек
_e[рассказы бездомных]
_fсоставитель: Мария Седушкина
_gфотограф: Оливье Маркези
_zfre
210 _aMoskva
_cSamusocial
_d2016
215 _a165 с.
_cпортр.
_d21х21
300 _aЗагл. также на фр. яз.: À l'abri de la rue
300 _aТекст парал. рус., фр.
510 1 _aÀ l'abri de la rue
_zfre
606 1 _aЛица БОМЖ
_jПопулярные издания
_92133846
_3RU\NLR\AUTH\661286980
686 _aС556.35,0
_2rubbk
686 _aС556.8,0
_2rubbk
686 1 _aС550.8я9
686 1 _aС550.47я9
702 1 _aСедушкина
_bМ.
_gМария
_4220
702 1 _aMarchesi
_bO.
_gOlivier
_4600
942 _cBOOK
980 _aNBR